1027 1104 1805 1531 1198 1828 1564 1963 1669 1534 1260 1416 1609 1697 1661 1722 1671 1205 1786 1611 1700 1404 1672 1597 1662 1829 1049 1051 1237 1915 1812 1586 1462 1959 1527 1231 1007 1492 1002 1020 1218 1587 1094 1927 1386 1229 1476 1681 1605 1186 1208 1360 1052 1897 1941 1720 1766 1427 1945 1193 1193 1528 1236 1608 1849 1975 1211 1273 1187 1319 1086 1286 1345 1714 1065 1621 1328 1929 1358 1407 1331 1264 1716 1807 1707 1030 1165 1646 1029 1801 1265 1355 1570 1158 1821 1135 1947 1695 1937 BCNSPRNW ULIB Ver.6.0+V

เปลี่ยนเป็นภาษาไทย

Change to English
 แสดงรายละเอียดบรรณานุกรม
  กลับหน้าหลัก

Brief Record : Get Marc (ISO 2709) : E-mail record : QR code < ปิดหน้าต่าง
LEADER : 00000nam 2200000uu 4500
001    13399113736
003     ULIB
008    110627s||||||||th 000 0 tha d
020    9789744750327
090    นว.^bม456จ 2550
100 0  มาร์ก เลอวี
245 00 จะตามติดชิดเธอทุกชาติไป/^cมาร์ก เลอวี
250    พิมพ์ครั้งที่ 1
260    กรุงเทพฯ :^bแพรวสำนักพิมพ์,^c2550
300    213 หน้า
710 1  แพรวสำนักพิมพ์
945    ^p165^l0^i021596
995    ทศพร
999 ^a ใช้งานได้ทุกระบบ
รายการนี้ยังไม่มีแท็ก
คุณยังไม่ได้ล็อกอิน คุณสามารถมีกิจกรรมร่วมกับเว็บไซต์ได้ แต่ต้องล็อกอินก่อน ::
  ล็อกอิน

รายการสื่อสารสนเทศ

ลำดับที่ ประเภท เลขเรียก/บาร์โค้ด สถานที่ สถานะ
1. นวนิยาย
นวนิยาย
นว. ม456จ 2550 ฉ.1 
  Barcode: 021596
ห้องสมุดวิทยาเขตสวรรค์ประชารักษ์
►นวนิยาย
บนชั้น
  ขอยืม

BibComment


ยังไม่เคยถูกคอมเมนท์

คอมเมนท์ทรัพยากรรายการนี้
  คอมเมนท์: จะตามติดชิดเธอทุก..


 Copyright 2026. Bcnsprnw @Library